Como si el ruido pudiera molestar /

Al viejo tatú se le acabo la cuerda y los parlanchines animales del monte se quedan sin saber que decir. La eterna conversación que cuento tras cuento propuso Gustavo Roldán casi siempre nos hace reír, está vez sólo el silencio y el viento hamacan la historia. Porque así también es la vida

Guardado en:
Autor Principal: Roldán, Gustavo.
Otros Autores: Leonhardt, Lorena; il.
Formato: Libro
Idioma:Undetermined
Publicado: Buenos Aires : Ministerio de Educación de la Nación, 2022.
Series:La educación nuestra bandera. Historias x leer
Materias:
Etiquetas: Agregar Etiqueta
Sin Etiquetas, Sea el primero en etiquetar este registro!
LEADER 02154nam a22003375a 4500
001 CEM.cems020472
008 230922s2022####ag############000#0#und#d
005 20251205131800.0
245 1 0 |a Como si el ruido pudiera molestar /  |c Gustavo Roldán; ilustrado por Lorena Leonhart. 
260 |a Buenos Aires :  |b Ministerio de Educación de la Nación,  |c 2022. 
300 |a 32. 
490 1 |a La educación nuestra bandera. Historias x leer 
500 |a Plan Nacional de Lecturas. 
500 |a Existe versión multimedia. 
500 |a Existe versión en lenguas indígenas. 
500 |a Esta colección está formada por catorce cuentos de escritoras y escritores de nuestro país ilustrados por importantes artistas. Seis han sido traducidos a cinco lenguas indígenas. A través del código QR vas a encontrar una versión multimedia accesible - con interpretaciones en Lengua de Señas Argentina y en texto plano-, musicalizada por la Orquesta Federal Infantil y Juvenil del programa Nacional de Orquestas y Coros. Además encontrarán actividades de prácticas del lenguaje relacionadas al libro. 
520 |a Al viejo tatú se le acabo la cuerda y los parlanchines animales del monte se quedan sin saber que decir. La eterna conversación que cuento tras cuento propuso Gustavo Roldán casi siempre nos hace reír, está vez sólo el silencio y el viento hamacan la historia. Porque así también es la vida 
020 |a 9789500015981 
100 1 |a Roldán, Gustavo. 
700 1 |a Leonhardt, Lorena; il. 
653 |a Literatura 
653 |a Literatura Argentina 
653 |a Cuentos 
653 |a Cuentos Infantiles 
653 |a Literatura Infantil 
859 |a CEMS  |b BIB. CEMS - Inicial y Primaria  |h A868.4  |i R643-4  |k IP  |p 6693  |t Ej.1 
859 |a CEMS  |b BIB. CEMS - 11 de abril  |h A868.4  |i R643-13  |k CE  |p 29721.23  |t Ej.1 
859 |a CEMS  |b BIB. CEMS - Inicial y Primaria  |h A868.4  |i R643-4  |k IP  |p 6694  |t Ej.2 
859 |a CEMS  |b BIB. CEMS - Inicial y Primaria  |h A868.4  |i R643-4  |k IP  |p 6695  |t Ej.3 
859 |a CEMS  |b BIB. CEMS - 11 de abril  |h A868.4  |i R643-13  |k CE  |p 29722.23  |t Ej.3 
859 |a CEMS  |b BIB. CEMS - Inicial y Primaria  |h A868.4  |i R643-4  |k IP  |p 6669  |t Ej.4